00361nam a2200145Ia 4500008004100000020001800041041000800059082001500067100001800082245002900100250000600129260003300135300001200168650003500180210716s2009 xx 000 0 und d a9788126514847 aeng a519.5 MANP aMann, Prem S. aIntroductory statistics. a5 aNew DelhibWiley Indiac2009 axiv,110 aStatistical Mathematics(519.5)